| 000 | 00455nam a2200109Ia 4500 | ||
|---|---|---|---|
| 008 | 171204s9999 xx 000 0 und d | ||
| 245 | _aBrazilian Derivatives and Securities: Pricing and Risk Management of FX and Interest-Rate Portfolios for Local and Global Markets | ||
| 245 | _cMarcos C. S. Carreira and Richard J. Brostowicz Jr. | ||
| 260 | _c2016 | ||
| 650 | _xCAPITAL AND SECURITIES MARKET | ||
| 856 | _uhttp://down.ebook777.com/037/978-1137477262.pdf | ||
| 999 |
_c345696 _d345696 |
||